Films de Michel Audiard (en images) - Statistiques

Statistiques générales
  • Ce quiz a été pris 35 fois
  • Le résultat moyen est 8 sur 20
Statistiques - réponses
Par images Réponse % Correct
Les tontons flingueurs
97%
Le pacha
75%
Le professionnel
69%
Un singe en hiver
69%
Un taxi pour Tobrouk
66%
Le Président
56%
Cent mille dollars au soleil
50%
Ne nous fâchons pas !
50%
Flic ou voyou
44%
Le marginal
44%
Le cave se rebiffe
41%
Faut pas prendre les enfants du bon Dieu pour des canards sauvages
34%
Le corps de mon ennemi
28%
Mélodie en sous sol
28%
Touchez pas au grisbi
28%
La grande sauterelle
19%
Le Cri du cormoran le soir au-dessus des jonques
16%
Elle boit pas, elle fume pas, elle drague pas, mais… elle cause !
13%
Un idiot à Paris
13%
L'Ennemi public numéro un
6%
Aucun quiz correspondant
Distribution des résultats
% des personnes avec chaque résultat
Percentile par nombre de réponses
Votre historique - résultats
Vous n’avez pas pris ce quiz